Statistics for Mark Ruffalo Filmography

Click here to take the quiz!

General Stats

  • This quiz has been taken 26 times
    (9 since last reset)
  • The average score is 10 of 74

Answer Stats

Type Year Name % Correct
Film2015Avengers: Age of Ultron
100%
Film2012The Avengers
100%
Film2019Avengers: Endgame
100%
Film2018Avengers: Infinity War
100%
Film2017Thor: Ragnarok
75%
Film2007Zodiac
63%
Film200413 Going on 30
50%
Film2010Shutter Island
38%
Film2013Now You See Me
38%
TV Film2014The Normal Heart
38%
Film2016Now You See Me 2
38%
Film2015Spotlight
38%
TV Show2020I Know This Much Is True
25%
Film2019Captain Marvel
25%
Film2001The Last Castle
13%
Film2010The Kids Are All Right
13%
Film2003In the Cut
13%
Film2004Eternal Sunshine of the Spotless Mind
13%
Film2005Just Like Heaven
13%
Film2009The Brothers Bloom
13%
Film2013Iron Man 3
13%
Film2000You Can Count On Me
13%
Film2014Foxcatcher
13%
Film2008Blindness
13%
Film2019Dark Waters
13%
Theater2018The Destiny of Me
0%
Film2008What Doesn't Kill You
0%
Documentary Series2008Penn & Teller: Bullsh*t!
0%
Web Series2021What If...?
0%
Film2009Where the Wild Things Are
0%
Film2010Sympathy for Delicious
0%
Theater2017The Price
0%
Film2013Begin Again
0%
TV Commercial2017Coca-Cola Mini
0%
Production2017Anything
0%
Film2010Date Night
0%
Film2011Margaret
0%
Film2014Infinitely Polar Bear
0%
Film2012Thanks for Sharing
0%
TV Show1989CBS Summer Playhouse
0%
Theater2006, 2010Awake and Sing!
0%
Film2007Reservation Road
0%
Short Film1999How Does Anyone Get Old?
0%
Film1994Mirror, Mirror 2: Raven Dance
0%
Film1994There Goes My Baby
0%
TV Show1994Due South
0%
Film1995Mirror, Mirror III: The Voyeur
0%
Film1996The Destiny of Marty Fine
0%
Film1996The Dentist
0%
Film1996Blood Money
0%
Film1996The Last Big Thing
0%
Theater1996, 1998-1999This Is Our Youth
0%
TV Film1997On the 2nd Day of Christmas
0%
Theater1997-1998Griller
0%
Film1998Safe Men
0%
Film199854
0%
TV Film1998Houdini
0%
Film1999A Fish in the Bathtub
0%
Documentary2007Chicago 10: Speak Your Peace
0%
Film1999Ride with the Devil
0%
Theater1999, 2000The Moment When
0%
Film2000Committed
0%
TV Show2000The Beat
0%
Film2001Apartment 12
0%
Film2002XX/XY
0%
Film2002Windtalkers
0%
Film2003My Life Without Me
0%
Film2003View from the Top
0%
Film2004We Don't Live Here Anymore
0%
Film2004Collateral
0%
Film2005Rumor Has It...
0%
Film2006All the King's Men
0%
Short Film1992Rough Trade
0%
Web Series2022She-Hulk
0%

Score Distribution

Percentile by Number Answered

Percent of People with Each Score

Your Score History

You have not taken this quiz since the last reset